MARC details
| 000 -LEADER |
| fixed length control field |
01491cam a2200361 a 4500 |
| 001 - CONTROL NUMBER |
| control field |
13636641 |
| 005 - DATE AND TIME OF LATEST TRANSACTION |
| control field |
20161105092627.0 |
| 008 - FIXED-LENGTH DATA ELEMENTS--GENERAL INFORMATION |
| fixed length control field |
040625s2004 enkab be 001 0 eng d |
| 010 ## - LIBRARY OF CONGRESS CONTROL NUMBER |
| LC control number |
2004300911 |
| 015 ## - NATIONAL BIBLIOGRAPHY NUMBER |
| National bibliography number |
GBA2-U9024 |
| 020 ## - INTERNATIONAL STANDARD BOOK NUMBER |
| International Standard Book Number |
0521562562 |
| 035 ## - SYSTEM CONTROL NUMBER |
| System control number |
(OCoLC)ocm50652925 |
| 040 ## - CATALOGING SOURCE |
| Original cataloging agency |
UKM |
| Transcribing agency |
UKM |
| Modifying agency |
OCLCQ |
| -- |
C#P |
| -- |
DLC |
| 042 ## - AUTHENTICATION CODE |
| Authentication code |
lccopycat |
| 050 00 - LIBRARY OF CONGRESS CALL NUMBER |
| Classification number |
P371 |
| Item number |
.C357 2004 |
| 082 04 - DEWEY DECIMAL CLASSIFICATION NUMBER |
| Classification number |
DRef 030 |
| Edition number |
2004 |
| Item number |
W89 |
| 245 04 - TITLE STATEMENT |
| Title |
The Cambridge encyclopedia of the world's ancient languages / |
| Statement of responsibility, etc. |
edited by Roger D. Woodard. |
| 246 30 - VARYING FORM OF TITLE |
| Title proper/short title |
Encyclopedia of the world's ancient languages |
| 246 30 - VARYING FORM OF TITLE |
| Title proper/short title |
World's ancient languages |
| 260 ## - PUBLICATION, DISTRIBUTION, ETC. (IMPRINT) |
| Place of publication, distribution, etc. |
Cambridge ; |
| -- |
New York : |
| Name of publisher, distributor, etc. |
Cambridge University Press, |
| Date of publication, distribution, etc. |
c2004. |
| 300 ## - PHYSICAL DESCRIPTION |
| Extent |
xx, 1162 pages : |
| Other physical details |
illustrations ; |
| Dimensions |
26 cm. |
| 504 ## - BIBLIOGRAPHY, ETC. NOTE |
| Bibliography, etc |
Includes bibliographical references and indexes. |
| 650 #0 - SUBJECT ADDED ENTRY--TOPICAL TERM |
| Topical term or geographic name as entry element |
Language and languages |
| Form subdivision |
Encyclopedias. |
| 650 #0 - SUBJECT ADDED ENTRY--TOPICAL TERM |
| Topical term or geographic name as entry element |
Extinct languages |
| Form subdivision |
Encyclopedias. |
| 700 ## - ADDED ENTRY--PERSONAL NAME |
| Personal name |
Woodard, Roger D. |
| 9 (RLIN) |
16961 |
| Relator term |
Editor |
| 856 41 - ELECTRONIC LOCATION AND ACCESS |
| Materials specified |
Table of contents |
| Uniform Resource Identifier |
<a href="http://www.loc.gov/catdir/toc/cam051/2004300911.html">http://www.loc.gov/catdir/toc/cam051/2004300911.html</a> |
| 856 42 - ELECTRONIC LOCATION AND ACCESS |
| Materials specified |
Publisher description |
| Uniform Resource Identifier |
<a href="http://www.loc.gov/catdir/description/cam051/2004300911.html">http://www.loc.gov/catdir/description/cam051/2004300911.html</a> |
| 856 42 - ELECTRONIC LOCATION AND ACCESS |
| Materials specified |
Contributor biographical information |
| Uniform Resource Identifier |
<a href="http://www.loc.gov/catdir/enhancements/fy0732/2004300911-b.html">http://www.loc.gov/catdir/enhancements/fy0732/2004300911-b.html</a> |
| 365 ## - TRADE PRICE |
| Price amount |
1995.00 |
| 906 ## - LOCAL DATA ELEMENT F, LDF (RLIN) |
| a |
7 |
| b |
cbc |
| c |
copycat |
| d |
2 |
| e |
ncip |
| f |
20 |
| g |
y-gencatlg |
| 942 ## - ADDED ENTRY ELEMENTS (KOHA) |
| Source of classification or shelving scheme |
Dewey Decimal Classification |
| Koha item type |
Reference |